[Event "IECC KO-5077"]
[Site "IECC email"]
[Date "2010.11.10"]
[Round "?"]
[White "Mauro, Danilo"]
[Black "Vermaak, Andre"]
[Result "1-0"]
[WhiteElo "1610"]
[BlackElo "992"]
[PlyCount "43"]
[EventDate "2010.??.??"]
[EventType "match (corr)"]
[EventRounds "2"]
[SourceTitle "Telechess CBM 149"]
[Source "ChessBase"]
[SourceDate "2012.07.17"]
[SourceVersion "1"]
[SourceVersionDate "2012.07.17"]
[SourceQuality "1"]
[WhiteTeam "Italy"]
[BlackTeam "South Africa"]
[WhiteTeamCountry "ITA"]
[BlackTeamCountry "RSA"]

1. d4 f5 2. g3 Nf6 3. Bg2 e6 4. c4 d5 5. Nh3 c6 6. 0-0 Bd6 7. Qc2 Nbd7 8. Bg5 0-0 9. cxd5 cxd5 10. Nc3 Nb6 11. Nb5 Nc4 12. b3 a6 13. bxc4 axb5 14. cxd5 exd5 15. Rfb1 Qa5 16. Bxf6 Rxf6 17. Bxd5+ Be6 18. Bxe6+ Rxe6 19. Qb3 Qa4 20. Qxe6+ Kf8 21. Ng5 Be7 22. Qf7# 1-0

[Event "OP-2010-0-01279"]
[Site "LSS email"]
[Date "2010.10.28"]
[Round "?"]
[White "Venturas, Bob"]
[Black "Vermaak, Andre"]
[Result "1-0"]
[WhiteElo "667"]
[BlackElo "800"]
[PlyCount "63"]
[EventDate "2010.09.28"]
[EventType "tourn (corr)"]
[EventRounds "4"]
[EventCountry "GER"]
[SourceTitle "Telechess CBM 143"]
[Source "ChessBase"]
[SourceDate "2011.07.15"]
[SourceVersion "1"]
[SourceVersionDate "2011.07.15"]
[SourceQuality "1"]

1. e4 e6 2. d4 d5 3. Qe2 Nc6 4. Nf3 b6 5. a3 Nf6 6. e5 Ne4 7. Qb5 Qd7 8. Bd3 a6 9. Qa4 b5 10. Bxb5 Bb7 11. Bd3 f6 12. exf6 gxf6 13. c4 Bc5 14. dxc5 Nxc5 15. Qc2 0-0-0 16. Bd2 e5 17. Bf5 Nd4 18. Bxd7+ Rxd7 19. Qd1 dxc4 20. Nc3 Be4 21. Nxe4 Rd5 22. Nxf6 Nd3+ 23. Kf1 Rd6 24. Bg5 h6 25. Ne4 Rb6 26. Nxd4 hxg5 27. Qg4+ Kb7 28. Nf5 Rxb2 29. g3 c3 30. Qf3 Rd8 31. Ned6+ Kb6 32. Nc4+ 1-0

[Event "OP-2010-0-01280"]
[Site "LSS email"]
[Date "2010.10.05"]
[Round "?"]
[White "Baer, Werner"]
[Black "Vermaak, Andre"]
[Result "1-0"]
[WhiteElo "2009"]
[BlackElo "800"]
[PlyCount "49"]
[EventDate "2010.09.29"]
[EventType "tourn (corr)"]
[EventRounds "4"]
[EventCountry "GER"]
[SourceTitle "Telechess CBM 143"]
[Source "ChessBase"]
[SourceDate "2011.07.15"]
[SourceVersion "1"]
[SourceVersionDate "2011.07.15"]
[SourceQuality "1"]

1. d4 d5 2. c4 e6 3. Nc3 Nf6 4. Nf3 Bb4 5. e3 Ne4 6. Qc2 a5 7. Bd3 f5 8. 0-0 Be7 9. cxd5 exd5 10. Ne5 c6 11. f3 Nd6 12. e4 Nxe4 13. Re1 Qb6 14. fxe4 dxe4 15. Nxe4 fxe4 16. Rxe4 Be6 17. Nc4 Qd8 18. Rxe6 0-0 19. Bxh7+ Kh8 20. Bg6 Qxd4+ 21. Be3 Qh4 22. Re4 Qf6 23. Ne5 Nd7 24. Qe2 Nxe5 25. Qh5+ 1-0

[Event "OP-2010-0-01280"]
[Site "LSS email"]
[Date "2010.10.05"]
[Round "?"]
[White "Vermaak, Andre"]
[Black "Stevenson, Walter"]
[Result "0-1"]
[WhiteElo "722"]
[BlackElo "729"]
[PlyCount "68"]
[EventDate "2010.09.29"]
[EventType "tourn (corr)"]
[EventRounds "4"]
[EventCountry "GER"]
[SourceTitle "Telechess CBM 147"]
[Source "ChessBase"]
[SourceDate "2012.03.16"]
[SourceVersion "1"]
[SourceVersionDate "2012.03.16"]
[SourceQuality "1"]

1. e4 c5 2. c4 Nc6 3. Nc3 Nf6 4. d3 d6 5. Nf3 e6 6. Qa4 Bd7 7. g3 Nd4 8. Qd1 Nxf3+ 9. Qxf3 Be7 10. Bg2 Bc6 11. b3 0-0 12. Bb2 Rb8 13. 0-0 Nd7 14. Na4 Bf6 15. Bxf6 Nxf6 16. Rfe1 Bxa4 17. bxa4 Qc7 18. Qd1 b6 19. Qb3 Ng4 20. h3 Ne5 21. Qd1 Rfe8 22. h4 Rbd8 23. f4 Nc6 24. Rb1 Nd4 25. f5 exf5 26. exf5 Nxf5 27. Qg4 g6 28. h5 Rxe1+ 29. Rxe1 Re8 30. Kf2 Rxe1 31. Kxe1 Qe7+ 32. Be4 Nh6 33. Qf4 d5 34. cxd5 f5 0-1

[Event "OP-2010-0-01280"]
[Site "LSS email"]
[Date "2010.10.04"]
[Round "?"]
[White "Vermaak, Andre"]
[Black "Martin, Hector Eduardo Lope"]
[Result "0-1"]
[WhiteElo "800"]
[BlackElo "800"]
[PlyCount "62"]
[EventDate "2010.09.29"]
[EventType "tourn (corr)"]
[EventRounds "4"]
[EventCountry "GER"]
[SourceTitle "Corr 2022"]
[Source "ChessBase"]
[SourceDate "2021.10.24"]
[SourceVersion "1"]
[SourceVersionDate "2021.10.24"]
[SourceQuality "1"]

1. e4 e5 2. Nf3 Nc6 3. d4 exd4 4. Nxd4 Nxd4 5. Qxd4 d6 6. Nc3 Qf6 7. Qa4+ Bd7 8. Qb3 b6 9. Nd5 Qd8 10. Nc3 Be6 11. Bb5+ Bd7 12. Bf4 c6 13. Ba6 b5 14. e5 Be6 15. Qb4 d5 16. Qd4 Qb6 17. Qxb6 axb6 18. Bb7 Rd8 19. Bxc6+ Ke7 20. Nxb5 Rc8 21. Nd4 g6 22. a4 f6 23. a5 bxa5 24. Rxa5 Rd8 25. Ra7+ Bd7 26. e6 Bh6 27. Bc7 Be8 28. Bxd8+ Kd6 29. Rc7 Bxc6 30. Rxc6+ Ke5 31. c3 f5 0-1

[Event "ZN-2010-0-01170"]
[Site "LSS email"]
[Date "2010.10.01"]
[Round "?"]
[White "Goepfert, Christian"]
[Black "Vermaak, Andre"]
[Result "1-0"]
[WhiteElo "582"]
[BlackElo "722"]
[PlyCount "69"]
[EventDate "2010.09.23"]
[EventType "match (corr)"]
[EventRounds "2"]
[EventCountry "GER"]
[SourceTitle "Telechess CBM 147"]
[Source "ChessBase"]
[SourceDate "2012.03.16"]
[SourceVersion "1"]
[SourceVersionDate "2012.03.16"]
[SourceQuality "1"]

1. e4 e5 2. Nf3 Nf6 3. Nxe5 Nc6 4. Nxc6 bxc6 5. Nc3 d5 6. f3 Bc5 7. d4 Bb4 8. Bd2 0-0 9. e5 Re8 10. Be2 Nh5 11. f4 c5 12. dxc5 Nxf4 13. Bxf4 d4 14. a3 Bxc5 15. Ne4 Bb6 16. Bb5 Re6 17. 0-0 Bb7 18. Bg5 d3+ 19. Nf2 Qxg5 20. Qg4 h6 21. Qxg5 hxg5 22. cxd3 Rxe5 23. a4 c6 24. Bc4 Rae8 25. Rad1 Bd4 26. b4 a6 27. Kh1 Bxf2 28. d4 Re1 29. Rd2 Bh4 30. g3 c5+ 31. Kg1 cxb4 32. gxh4 g4 33. Bxf7+ Kh7 34. Bxe8 Rxe8 35. d5 1-0